000 00358nam a2200145Ia 4500
008 240729s9999 xx 000 0 und d
022 _a2666-9781
245 0 _aNano Trends
260 _aUnited Kingdom
260 _bElsevier
650 _aTechnology
856 _uhttps://doaj.org/toc/9a43426cd4da4208a747dcea7e147b82
942 _2ddc
942 _cDOAJEJ
999 _c66965
_d66965
945 _a1
_bMadushi Gamage
_c1
_dMadushi Gamage